Zborník recenzovaných vedeckých prác UEI 2013

Bibliographic Details
Other Authors: Junák, Jozef (Editor)
Format: Software eBook
Language:Slovak
English
PhysicalDescription:1 elektronický optický disk (DVD-ROM) fareb. 12 cm
Published: Košice Technická univerzita, Stavebná fakulta 2013
ISBN:9788055315850 (elektronická kniha)
Edition:Vyd.: prvé
Subjects:

MARC

LEADER 00000nam a2200000 a 4500
001 vtls010595009
003 SK-MaSNL
005 20260301090539.0
007 co cg auuua
008 160429s2013 xo | fs 000 0 slo
015 |a SNBS2015 
020 |a 9788055315850 (elektronická kniha) 
040 |a SNK  |b slo  |c SNK  |e AACR2 
041 0 |a slo  |a eng 
044 |a xo  |c SK 
072 7 |a 502  |x Životné prostredie a jeho ochrana  |2 konspekt 
080 |a 502  |2 2001 
080 |a (082)  |2 2001 
080 |a (0.034.44)  |2 2001 
245 0 0 |a Zborník recenzovaných vedeckých prác UEI 2013  |h elektronický zdroj  |c editor: Jozef Junák 
250 |a Vyd.: prvé 
260 |a Košice  |b Technická univerzita, Stavebná fakulta  |c 2013 
300 |a 1 elektronický optický disk (DVD-ROM)  |b fareb.  |c 12 cm 
500 |a Názov z titulnej obrazovky 
504 |a Bibliogr. odkazy 
516 |a Textový dokument (zborník), súbor vo formáte pdf 
538 |a Technické požiadavky: PDF prehliadač 
546 |a Text čiast. aj angl. 
650 0 7 |a environmentálne inžinierstvo  |2 SNKPH  |9 67051 
650 0 7 |a Environmental engineering  |2 SNKPHeng  |9 84640 
655 7 |a elektronické zdroje  |2 SNKPH  |9 90954 
655 7 |a DVD-ROM  |2 SNKPH  |9 113904 
655 7 |a zborníky  |2 SNKPH  |9 70165 
655 7 |a Electronic resources  |2 SNKPHeng  |9 175546 
655 7 |a Papers of several authors  |2 SNKPHeng  |9 153738 
700 1 |a Junák, Jozef  |4 edt  |9 342926 
710 2 |a Technická univerzita v Košiciach.  |b Stavebná fakulta.  |b Ústav environmentálneho inžinierstva  |4 pbl  |9 160666 
919 |a 978-80-553-1585-0 
958 |a NB 
999 |c 668500  |d 670430 
952 |a SNK  |b SNK  |y NEVYP  |7 1  |p 17A1109615  |o snkSCDM 6518  |i snk2014/10740  |8 0  |0 0  |1 0  |4 0  |d 2014-05-06  |l 0  |r 2026-02-23 19:17:37  |w 2026-02-23